000 01028nac a22003137a 4500
001 BR0103657
003 BR-BrBNA
005 20240105122615.0
008 230509b bl.|||m| |||| 00| 0 por d
040 _aBR-BrBNA
_bpor
_cBiblioteca Nacional de Agricultura
072 _aF30
090 _a1580 BR0103657
100 1 _aGoes, M. de
100 1 _aHenshaw, G.G.
110 1 _aEMBRAPA Recursos Geneticos e Biotecnologia, Brasilia, DF (Brasil)
245 1 _aMetodos de conservacao de germoplasma de batata doce (Ipomoea batatas (L.)Lam.)in vitro sob camada de oleo
260 3 _aBrasilia, DF (Brasil):
_c2000.
300 _a18 p.
490 _aBoletim de Pesquisa - EMBRAPA Recursos Geneticos e Biotecnologia (Brazil)
_vno. 9
_xISSN 0102-0129
500 _aSummaries (En, Pt); 14 ref.
650 _aBatata Doce
650 _aGermoplasma
650 _aPlantula
650 _aExplante
650 _aCultura in Vitro
650 _aOleo
909 _a202312
_bLúcia Elande
_c55
_dLúcia Elande
942 _2AGRIS
_n0
_cMS
999 _c291894
_d291894